| 000 | 01072nam0a22002651 4500 | ||
|---|---|---|---|
| 001 | rc\3313049 | ||
| 005 | 20250609211145.0 | ||
| 021 |
_aRU _b[74-96330] |
||
| 035 | _a(NLR Aleph) 007505417 | ||
| 090 |
_a7678935 _c7678935 |
||
| 100 | _a20130115d1974 |||y0rusy50 ca | ||
| 101 | 0 | _arus | |
| 102 | _aRU | ||
| 105 | _ay z ||||| | ||
| 200 | 1 |
_aЭкономический анализ деятельности промышленного предприятия _fМ-во высш. и сред. спец. образования КазССР. Алма-Ат. ин-т нар. хоз-ва |
|
| 210 |
_aАлма-Ата _cБ. и. _d1974 |
||
| 215 |
_a80 с. _d19 |
||
| 606 |
_aПромышленные предприятия _xАнализ хозяйственной деятельности _2psbo |
||
| 700 | 1 |
_aДюсембаев _bК.Ш. _gКаким Шаяхметович |
|
| 701 | 1 |
_aСатубалдин _bС.С. _gСагандык Сатубалдиевич |
|
| 801 | 0 |
_aRU _bNLR _gpsbo |
|
| 801 | 1 |
_aRU _bELAR _2rusmarc |
|
| 852 |
_aNLR _j74-4/31832 |
||
| 942 | _cBOOK | ||
| 980 | _aNB | ||